Estadísticas para Países que Terminan en I

Haz click aquí para intentar la prueba.

Estadísticas generales

  • Esta prueba ha sido intentada 4.198 veces
  • La puntuación promedio es 6 de 8

Estadísticas de respuestas

ContinentePaís% Correcto
OceaníaFiyi
88%
América del NorteHaití
82%
ÁfricaMalí
78%
OceaníaKiribati
73%
ÁfricaYibuti
64%
ÁfricaBurundi
61%
ÁfricaMalaui
61%
AsiaBrunéi
53%

Distribución de puntuación

Porcentaje por número respondido

Porcentaje de gente con cada puntuación

Historial de tus puntuaciones

No has intentado esta prueba.